Quimica (Record no. 231)
[ view plain ]
| 000 -LEADER | |
|---|---|
| fixed length control field | 00515nam a2200205u 4500 |
| 008 - FIXED-LENGTH DATA ELEMENTS--GENERAL INFORMATION | |
| fixed length control field | 080212|||||||||||||||||||||||||||||eng|u |
| 020 ## - INTERNATIONAL STANDARD BOOK NUMBER | |
| International Standard Book Number | 9720422297 |
| 100 1# - MAIN ENTRY--PERSONAL NAME | |
| Personal name | Correa, Carlos |
| 245 10 - TITLE STATEMENT | |
| Title | Quimica |
| Remainder of title | 10o ano |
| Statement of responsibility, etc | Carlos Correa, Adriana Nunes, Noemia Almeida |
| 260 ## - PUBLICATION, DISTRIBUTION, ETC. (IMPRINT) | |
| Place of publication, distribution, etc | Porto |
| Name of publisher, distributor, etc | Porto Editora |
| Date of publication, distribution, etc | 1999 |
| 300 ## - PHYSICAL DESCRIPTION | |
| Extent | 239p. |
| 650 #4 - SUBJECT ADDED ENTRY--TOPICAL TERM | |
| Topical term or geographic name as entry element | Quimica |
| General subdivision | Ensino secundario |
| 700 1# - ADDED ENTRY--PERSONAL NAME | |
| Personal name | Nunes Adriana, Almeida Noemia |
| 961 wl - | |
| -- | 11 |
| 961 wl - | |
| -- | 11 |
| 961 wl - | |
| -- | 11 |
| 961 wl - | |
| -- | 11 |
| Withdrawn status | Lost status | Damaged status | Not for loan | Home library | Current library | Date acquired | Total Checkouts | Full call number | Barcode | Date last seen | Price effective from | Koha item type |
|---|---|---|---|---|---|---|---|---|---|---|---|---|
| Beira - Ciências da Saúde | Beira - Ciências da Saúde | 31/12/2011 | 54 | 481 | 31/12/2011 | 31/12/2011 | Books | |||||
| Beira - Ciências da Saúde | Beira - Ciências da Saúde | 31/12/2011 | 54 | 482 | 31/12/2011 | 31/12/2011 | Books | |||||
| Beira - Ciências da Saúde | Beira - Ciências da Saúde | 31/12/2011 | 54 | 729 | 31/12/2011 | 31/12/2011 | Books | |||||
| Beira - Ciências da Saúde | Beira - Ciências da Saúde | 31/12/2011 | 54 | 6484 | 31/12/2011 | 31/12/2011 | Books |
